MARC details
| 000 -LÍDER |
| campo de controle de tamanho fixo |
01306naa a22003737a 4500 |
| 001 - NÚMERO DE CONTROLE |
| campo de controle |
BR6010026 |
| 003 - IDENTIFICADOR DO NÚMERO DE CONTROLE |
| campo de controle |
BR-BrBNA |
| 005 - DATA E HORÁRIO DA ÚLTIMA TRANSAÇÃO |
| campo de controle |
20240918173137.0 |
| 007 - CAMPO FIXO DE DESCRIÇÃO FÍSICA--INFORMAÇÃO GERAL |
| campo de controle de tamanho fixo |
ta |
| 008 - CAMPO DE DADOS FIXOS--INFORMAÇÃO GERAL |
| campo de controle de tamanho fixo |
230509b bl.||||| |||| 00| 0 por d |
| 040 ## - FONTE DA CATALOGAÇÃO |
| Instituição da catalogação original |
BR-BrBNA |
| Idioma da catalogação |
por |
| Instituição que transcreveu o registro |
Biblioteca Nacional de Agricultura |
| 041 ## - CÓDIGO DE IDIOMA |
| Código do idioma do texto/trilha sonora ou título diferente |
(Pt) |
| 072 ## - CÓDIGO DE CATEGORIA DE ASSUNTO |
| Código de Categoria de Assunto |
T00 |
| Código do objeto |
3862 |
| -- |
8105 |
| -- |
G514 |
| -- |
GZ63 |
| 090 ## - NÚMERO DE CHAMADA LOCAL |
| Número de chamada |
T00 BR6010026 |
| 100 1# - ENTRADA PRINCIPAL--NOME PESSOAL |
| Nome pessoal |
Guimaraes, J.R.A. |
| 100 1# - ENTRADA PRINCIPAL--NOME PESSOAL |
| Nome pessoal |
Faria, A. |
| 100 1# - ENTRADA PRINCIPAL--NOME PESSOAL |
| Nome pessoal |
Bergamin, F. |
| 111 1# - ENTRADA PRINCIPAL--NOME DO EVENTO |
| Nome do evento ou lugar |
1. Congresso Nacional de Pesca |
| Local do evento |
Rio de Janeiro, GB (Brazil) |
| Data do evento ou assinatura do tratado |
4 Nov 1934 |
| 245 1# - TÍTULO |
| Título |
Os residuos industriais e a poluicao as aguas interiores [Vinhaca; Peixe de agua doce; Campos; Rio de Janeiro; Piracicaba; Sao Paulo; Brasil] |
| 260 3# - PUBLICAÇÃO, DISTRIBUIÇÃO, ETC. |
| Local de publicação, distribuição, etc. |
Rio de Janeiro, GB (Brasil): |
| Data da publicação, distribuição, etc. |
1938. |
| 500 ## - NOTA GERAL |
| Nota geral |
Primeiro Congresso Nacional de Pesca<br/>Rio de Janeiro, GB (Brasil): 1938. p. 157-182<br/>(BR6010026-AM)T00<br/> |
| 650 ## - ASSUNTO--TERMO TÓPICO |
| Cabeçalho tópico ou nome geográfico |
Poluicao |
| 650 ## - ASSUNTO--TERMO TÓPICO |
| Cabeçalho tópico ou nome geográfico |
Vinhaca |
| 650 ## - ASSUNTO--TERMO TÓPICO |
| Cabeçalho tópico ou nome geográfico |
Peixe de agua doce |
| 650 ## - ASSUNTO--TERMO TÓPICO |
| Cabeçalho tópico ou nome geográfico |
Controle quimico |
| 650 ## - ASSUNTO--TERMO TÓPICO |
| Cabeçalho tópico ou nome geográfico |
Aguas interiores |
| 650 ## - ASSUNTO--TERMO TÓPICO |
| Cabeçalho tópico ou nome geográfico |
Campos |
| 650 ## - ASSUNTO--TERMO TÓPICO |
| Cabeçalho tópico ou nome geográfico |
Rio de Janeiro |
| 650 ## - ASSUNTO--TERMO TÓPICO |
| Cabeçalho tópico ou nome geográfico |
Piracicaba |
| 650 ## - ASSUNTO--TERMO TÓPICO |
| Cabeçalho tópico ou nome geográfico |
Sao Paulo |
| 773 0# - ENTRADA ANALÍTICA |
| Título |
Primeiro Congresso Nacional de Pesca |
| Edição |
|
| Número de controle do registro |
T00 BR6010026 |
| Partes relacionadas |
Rio de Janeiro, GB (Brasil), 1938. p. 157-182 |
| 909 ## - |
| -- |
202404 |
| -- |
Lucia |
| -- |
55 |
| -- |
Lucia Elande |
| 942 ## - ELEMENTOS DE ENTRADA ADICIONADOS (KOHA) |
| Tipo de material Koha |
Capítulo-Livro |
| Fonte da classificação ou esquema de arquivamento na estante |
Classificação AGRIS |